| 000 | 00727nam a2200217Ii 4500 | ||
|---|---|---|---|
| 003 | JO-AjNU | ||
| 008 | 230605s9999||||xx |||||||||||||| ||und|| | ||
| 017 | _a1986/3016 | ||
| 040 |
_aJO-AjNU _bara _erda _cJO-AjNU |
||
| 041 | _aara | ||
| 050 | 1 | 4 | _aKRM690.M34.1986 |
| 100 | 3 |
_aالمحاسنة ، محمد يحيى عبدالرحمن , _eauthor _946542 |
|
| 245 | 0 | 0 | _aمفهوم المحل والسبب في العقد |
| 250 | _a(د،ط) | ||
| 264 | 3 | 1 | _aالقاهرة : دار النهضة العربية ، 1986 |
| 300 | _a320ص | ||
| 336 |
_atext _btxt _2rdacontent |
||
| 337 |
_aunmediated _bn _2rdamedia |
||
| 338 |
_avolume _bnc _2rdacarrier |
||
| 650 | 4 |
_a العقود (قانون مدني) -- مصر _946543 |
|
| 999 |
_aA20256 _c23824 _d23824 |
||